banner koha

A revision of Scaphispatha (Araceae - Caladieae) including a new species (Registro n. 328269)

MARC details
000 -LÍDER
fixed length control field 02535nab a2200241 i 4500
003 - CÓDIGO MARC DA AGÊNCIA CATALOGADORA
Campo de controle BR-BrBNA
005 - DATA E HORA DA ÚLTIMA ATUALIZAÇÃO
Campo de controle 20241024174959.0
008 - CAMPO DE TAMANHO FIXO
fixed length control field 241024b2005 bl.qr|pooa||| 00| 0 eng |
040 ## - FONTE DA CATALOGAÇÃO
Agência catalogadora BR-BrBNA
Idioma da catalogação eng
072 ## - CATEGORIA AGRIS
Código AGRIS F70
100 ## - ENTRADA PRINCIPAL - NOME PESSOAL
Nome pessoal Gonçalves, Eduardo Gomes
245 ## - TÍTULO PRINCIPAL
Título principal A revision of Scaphispatha (Araceae - Caladieae) including a new species
500 ## - NOTA GERAL
Nota geral Publicação on-line; 6 ref.; 2 illus.; Summaries (En, Pt)
942 ## - ADDED ENTRY ELEMENTS (KOHA)
Koha item type Analítica
520 ## - NOTA DE RESUMO
Nota de conteúdo <br/>ABSTRACT<br/><br/>(A revision of Scaphispatha (Araceae – Caladieae) including a new species) The formerly considered<br/>monospecific genus Scaphispatha (Araceae – Caladieae) is here revised. Scaphispatha robusta E.G.Gonç,<br/>a second species for the genus is newly described from the Cerrado Biome and the transition CerradoAmazonia. It differs from S. gracilis Brongn. ex Schott by the much more robust petioles and leaves,<br/>primary lateral veins drying clearer than the lamina, lateral secondary veins conspicously more prominent<br/>than tertiary veins and for the female spadix with 11-15 rows of flowers visible in side view. A key to<br/>separate both species is provided, as well as ink illustrations and general remarks on the genus.<br/><br/>Key-words: Scaphispatha, Cerrado, Caladieae, Araceae, geophyte.
520 ## - NOTA DE RESUMO
Nota de conteúdo <br/>RESUMO<br/><br/>(Revisão de Scaphispatha (Araceae – Caladieae), incluíndo a descrição de uma nova espécie para o gênero)<br/>O gênero Scaphispatha (Araceae – Caladieae), até então considerado monoespecífico, é aqui revisado.<br/>Scaphispatha robusta E.G.Gonç., uma segunda espécie para o gênero é descrita para o bioma Cerrado e a<br/>transição Cerrado-Amazonia. Difere de S. gracilis Brongn. ex Schott pelos pecíolos e folhas muito mais<br/>robustas, nervuras laterais mais claras que o limbo quando secas, nervuras laterais secundárias mais proeminentes que as terciárias e pela porção feminina do espádice com 11-15 espirais de flores visíveis em vista<br/>lateral. Uma chave para separar as espécies, assim como ilustrações em nanquim e aspectos gerais para o<br/>gênero são apresentados.<br/><br/>Palavras-chave: Scaphispatha, Cerrado, Caladieae, Araceae, geófita
650 ## - ASSUNTO - THESAGRO
Cabeçalho tópico ou nome geográfico CERRADO
650 ## - ASSUNTO - THESAGRO
Cabeçalho tópico ou nome geográfico ARACEAE
650 ## - ASSUNTO - THESAGRO
Cabeçalho tópico ou nome geográfico ESPÉCIE
773 0# - ENTRADA ANALÍTICA
Host Biblionumber 709
Registro do item 345666
Imprenta Rio de Janeiro-RJ Jardim Botanico do Rio de Janeiro 1935
Outro identificador 2024-6298
Título Rodriguésia (Brazil)
ISSN 0370-6583; 2175-7860 on-line
Colação v. 56(88) p. 53-60; (2005)
Número de controle de registro BR2024003354
856 ## - ACESSO E ENDEREÇO ELETRÔNICO
Identificador uniforme de recurso - URI https://www.scielo.br/j/rod/a/39M4wqfQsYDZbhVRgBZhsKk/?format=pdf&lang=en

Nenhum exemplar disponível.

BINAGRI

Telefone: (61)3218-2567/2388/3357/2097 - binagri@agro.gov.br

Ministério da Agricultura e Pecuária , Esplanada dos Ministérios, Bloco D, Anexo B, Brasília/DF, CEP: 70.043-900